|
|
|
|
| LEADER |
00000nas a22000007a 4500 |
| 001 |
ssj0003042 |
| 003 |
WaSeSS |
| 005 |
20200512172242.0 |
| 006 |
m d |
| 007 |
cr n |
| 008 |
050614c19719999vaumr pss 0 a0eng c |
| 010 |
|
|
|a 2006212146
|
| 022 |
|
|
|a 1930-3947
|l 0199-1337
|y 0199-1337
|
| 035 |
|
|
|a (WaSeSS)ssj0003042
|
| 037 |
|
|
|b Navy League of the U.S., 2300 Wilson Blvd., Ste. 200, Arlington, VA 22201-3308
|
| 040 |
|
|
|a OCLCS
|b eng
|c OCLCS
|d NSD
|d OCLCQ
|d DLC
|d OCLCQ
|d OCLCF
|d OCLCO
|d DKDLA
|d OCLCO
|d OCLCQ
|d OCLCA
|d AU@
|d WaSeSS
|
| 042 |
|
|
|a nsdp
|a pcc
|
| 043 |
|
|
|a n-us---
|
| 050 |
|
4 |
|a VA49
|b .N28
|
| 082 |
1 |
4 |
|a 359
|2 11
|
| 130 |
0 |
|
|a Sea power (Washington, D.C. : 1971 : Online)
|
| 222 |
|
0 |
|a Sea power
|b (Washington, D.C. 1971. Online)
|
| 245 |
1 |
0 |
|a Sea power
|h [electronic resource].
|
| 260 |
|
|
|3 <1981-Feb. 1986> :
|a [Washington, D.C.] :
|b [Navy League of the United States]
|
| 260 |
3 |
|
|3 <July 2012-> :
|a Arlington, VA :
|b Navy League of the United States
|
| 310 |
|
|
|a Monthly,
|b <July 2012->
|
| 321 |
|
|
|a Eleven no. a year
|
| 321 |
|
|
|a Monthly,
|b <Feb. 1974->
|
| 321 |
|
|
|a Monthly (semimonthly Apr.),
|b <Apr. 1984->
|
| 362 |
1 |
|
|a Print began with v. 14, no. 8 (Sept. 1971).
|
| 506 |
|
|
|a License restrictions may limit access.
|
| 515 |
|
|
|a Issue misprinted as vol. 48, no. 3, Mar. 2004.
|
| 538 |
|
|
|a Mode of access: World Wide Web.
|
| 550 |
|
|
|a Official publication of the Navy League of the United States.
|
| 588 |
|
|
|a Description based on print version record.
|
| 588 |
|
|
|a Latest issue consulted: Vol. 49, no. 3 (Mar. 2006) (viewed Navy League website Mar. 2, 2006).
|
| 610 |
1 |
0 |
|a United States.
|b Navy
|v Periodicals.
|
| 610 |
1 |
7 |
|a United States.
|b Navy.
|2 fast
|0 (OCoLC)fst00533204
|
| 610 |
1 |
4 |
|a United States.
|b Navy
|v Periodicals.
|
| 650 |
|
0 |
|a Naval art and science
|v Periodicals.
|
| 650 |
|
7 |
|a Naval art and science.
|2 fast
|0 (OCoLC)fst01034937
|
| 655 |
|
0 |
|a Electronic journals.
|
| 710 |
2 |
|
|a Navy League of the United States.
|
| 770 |
0 |
|
|t Almanac of seapower
|
| 776 |
1 |
|
|t Sea power (Washington, D.C. : 1971)
|x 0199-1337
|w (DLC)sn 85012065
|w (OCoLC)3324011
|
| 780 |
0 |
0 |
|t Navy
|
| 856 |
4 |
0 |
|z Full text available from Research Library: 02/01/1997 to 08/31/2007
|u https://search.proquest.com/publication/36478
|